Теория на драмата (Запис номер 57302)
[ съкратено ]
| 000 -Лидер | |
|---|---|
| Контролно поле с фиксирана дължина | nam a22 a 4500 |
| 003 - Код на организацията, давaща контролен номер | |
| Контролно поле | BLK |
| 005 - Дата и час на последна редакция | |
| Контролно поле | 20220812113417.0 |
| 008 - Елементи от данни с фиксирана дължина | |
| fixed length control field | 180408b bul|||||r ||||||| ||bul|| |
| 010 ## - Наследен системен номер | |
| LC control number | KNG00061297000 |
| 040 ## - Източник на каталожния запис | |
| Идентификатор на билиотеката - собственик на записа | BLK |
| 041 ## - Код за език | |
| Код за езика на текст/звукозапис или на отделно заглавие | Български |
| Код за езика КДБФ | Български |
| 080 ## - УДК | |
| Текстов определител УДК | Литературна естетика. Философия на литературата |
| УДК код - определител по УДК | 82.01 |
| УДК определител | -2 |
| УДК - код + определител | 82.01-2 |
| 100 1# - Редна дума - Автор | |
| Автор | Панова, Снежина Димитрова |
| Авторска отговорност | първи автор |
| R(LIN) | 287518 |
| 139 ## - Редно поле | |
| Редна дума | Панова, Снежина Димитрова |
| Авторски знак | Пано - П 18 |
| 245 10 - Сведения за заглавието | |
| Заглавие | Теория на драмата |
| Подзаглавни данни | Основни положения : Учебник за студентите от ВИТИЗ |
| Редно поле (дума) | Снежина Димитрова Панова |
| 257 ## - Страна на издаване | |
| Страна на създаване/издаване | България |
| 260 ## - Област на издателските данни | |
| Име на издателя, разпространителя и проч. | Наука и изкуство |
| Година на издаване | 1973 |
| Печатница | Варна : Ст. Добрев-Странджата |
| Място на издаване, разпространение и проч. | София |
| 300 ## - Физическа характеристика | |
| Страници | 215 с. |
| Размери/Мащаб | 22 см |
| 380 ## - Жанр | |
| Жанр | Литературознание |
| 650 #4 - Допълнително описание по предмет – тема | |
| Основно описание – тема или топоним | Драма - теория |
| 9 (RLIN) | 282866 |
| 653 ## - Ключова дума – ненормативна | |
| Ключова дума | драма |
| 653 ## - Ключова дума – ненормативна | |
| Ключова дума | учебници за ВУЗ |
| 852 ## - Местоположение | |
| Форматна сигнатура | Цб 69656 |
| Фондова буква | Хранилище |
| 856 4# - Електронен адрес и достъп | |
| Електронен формат | pdf - файл |
| 856 4# - Електронен адрес и достъп | |
| Електронен формат | pdf - файл |
| 999 ## - СИСТЕМНИ КОНТРОЛНИ НОМЕРА | |
| Koha biblionumber | 57302 |
| Koha biblioitemnumber | 57302 |
| 942 ## - АРТИКУЛИ | |
| Вид на библиотечния материал | Книги |
| Скрит в OPAC | Не |
| Периодичен библиозапис | Да |
| 944 ## - СЪЗДАВАНЕ И РЕДАКЦИЯ на ЗАПИСА | |
| Създаване/Редакция | Създаване |
| Дата на регистрацията/редакция | 13.06.2004 |
| Служител, извършил регистрацията/редакцията | Читалня |
| 944 ## - СЪЗДАВАНЕ И РЕДАКЦИЯ на ЗАПИСА | |
| Създаване/Редакция | Редакция |
| Дата на регистрацията/редакция | 03.09.2015 |
| Служител, извършил регистрацията/редакцията | Милена_Ачева |
| 944 ## - СЪЗДАВАНЕ И РЕДАКЦИЯ на ЗАПИСА | |
| Създаване/Редакция | Редакция |
| Дата на регистрацията/редакция | 2022-08-12 |
| Служител, извършил регистрацията/редакцията | Микаела Микова-Илиева |
| 999 ## - СИСТЕМНИ КОНТРОЛНИ НОМЕРА | |
| Koha biblioitemnumber | 57302 |
| Код за отписване | Код за изгубен артикул | Източник на класификационната схема | Код за повреда | Коз за рестрикции | Код за отдаване | Артикулен № | Име на библиотеката - собственик | Име на библиотеката, в която се намира в момента | Статус (Текущо местоположение) | Дата на вписване в системата | Местоположение - отдел | Цена в лева | Инвентарен номер | Систематично азбучна сигнатура | Баркод | Номер на екземпляра | Цена в евро | Служебна бележка | Служебен тип на артикула |
|---|---|---|---|---|---|---|---|---|---|---|---|---|---|---|---|---|---|---|---|
| Не е изгубен | Universal Decimal Classification | Не е повреден | без рестрикции | ползва се в читалня | 92596 | Регионална библиотека "Любен Каравелов" Русе | Регионална библиотека "Любен Каравелов" Русе | Читалня | 1993-01-01 | Читалня | 0.74 | 152142 | Ч 82.0/П18 | 120000152142 | 1 | 0.38 | Дата инв: 27.03.2017 Бележки инв: Ч2017 | Книги | |
| Не е изгубен | Universal Decimal Classification | Не е повреден | само за читалня | ползва се в читалня | 92597 | Регионална библиотека "Любен Каравелов" Русе | Регионална библиотека "Любен Каравелов" Русе | Хранилище | 1973-01-01 | Хранилище | 0.74 | 148125 | Цб 69656 | 120000148125 | 2 | 0.38 | Дост: Dp Вид: Д N: стар фонд Дата: 01.01.1973 | Книги | |
| Изтеглен | Не е изгубен | Universal Decimal Classification | Не е повреден | без рестрикции | заемане за дома | 92598 | Регионална библиотека "Любен Каравелов" Русе | Регионална библиотека "Любен Каравелов" Русе | Заемна - подръчен фонд | 1973-01-01 | Заемна - подръчен фонд | 0.74 | 152141 | П 82.0/П 18 | 152141 | 3 | 0.38 | Вид: Сф N: стар фонд Дата: 01.01.1973 Дата инв: 08.02.2018 Бележки инв: П2018 | Книги |